A guide to the third and fourth Egyptian rooms : Predynastic antiquities, mummied birds and animals, portrait statues, figures of gods, tools, implements and weapons, scarabs, amulets, jewellery, and other objects connected with the funeral rites of the ancient Egyptians /

Saved in:

Corporate Author: British Museum. Department of Egyptian and Assyrian Antiquities

Other Authors: Budge, E. A. Wallis Sir, 1857-1934., Hall, H. R. 1873-1930.

Format: Book

Language: English

Published: [London] : Printed by order of the Trustees, 1904.

Subjects:

Tags: Add Tag

No Tags, Be the first to tag this record!

Call Number: DT59 .B7 1904a

LEADER 01212nam a2200265I 4500
001 5518
003 OSt
005 20260510095132.0
008 130303s1904 enkacf 000 0 eng d
040 |c ARCE Library 
043 |a f-ua--- 
050 4 |a DT59 .B7 1904a 
110 2 |a British Museum.  |b Department of Egyptian and Assyrian Antiquities, 
245 1 2 |a A guide to the third and fourth Egyptian rooms :  |b Predynastic antiquities, mummied birds and animals, portrait statues, figures of gods, tools, implements and weapons, scarabs, amulets, jewellery, and other objects connected with the funeral rites of the ancient Egyptians /  |c With 8 plates and 131 illustrations in the text. 
264 1 |a [London] :  |b Printed by order of the Trustees,  |c 1904. 
300 |a xi, [1], 304 pages :  |b illustrations, viii plates, portraits ;   |c 22 cm. 
500 |a At head of title : British museum. 
500 |a Preface signed : E. A. Wallis Budge. 
650 0 |a Funeral rites and ceremonies  |z Egypt. 
651 0 |a Egypt  |x Antiquities. 
700 1 |a Budge, E. A. Wallis   |q (Ernest Alfred Wallis),  |c Sir,  |d 1857-1934. 
700 1 |a Hall, H. R.  |q (Harry Reginald),  |d 1873-1930. 
901 |a reviewed 
942 |c BK  |2 lcc 
999 |c 9432  |d 9432